00372pab a2200133 454500008004000000100002800040245007400068260000900142300001300151362001000164650002700174650001700201773002000218180718b2011 xxu||||| |||| 00| 0 eng d aBoruah, Jahnabee Lakhar aRoles and responsibilities of a teacher as an architect of the nation c2011 ap.18-21. a5 Sep aTeacher responsibility aTeacher role aUniversity News